Global Journal of Business, Economics and Management

Saved in:
Bibliographic Details
Format: Serial
Language:English
Published: Nicosia Centre of World Innovation, Research and Publication
Tags: Add Tag
No Tags, Be the first to tag this record!

MARC

LEADER 00000nls a2200000 4500
001 0259138
005 20260206111707.2
022 |a 2301-2579 
041 0 |a eng 
044 |a CY 
245 1 0 |a Global Journal of Business, Economics and Management 
264 1 |a Nicosia  |b Centre of World Innovation, Research and Publication